Statistics for Isometric RPG Quiz

Click here to take the quiz!

General Stats

  • This quiz has been taken 5 times
  • The average score is 9 of 16

Answer Stats

Answer% Correct
Fallout 2
100%
Baldur's Gate
75%
Diablo 2 Resurrected
75%
Divine Divinity
75%
Icewind Dale
75%
Planescape: Torment
75%
Sacred
75%
Arcanum
50%
Disco Elysium
50%
Nox
50%
Pillars of Eternity
50%
Tyranny
50%
Hades
25%
Harbinger
25%
Lineage
25%
Ultima Online
25%

Score Distribution

Percentile by Number Answered

Percent of People with Each Score

Your Score History

You have not taken this quiz